UBT Library

ENCYCLOPEDIA OF ARTISTS (Record no. 59375)

000 -LEADER
fixed length control field 00323nam a22001457a 4500
008 - FIXED-LENGTH DATA ELEMENTS--GENERAL INFORMATION
fixed length control field 230317b ||||| |||| 00| 0 eng d
020 ## - INTERNATIONAL STANDARD BOOK NUMBER
International Standard Book Number 9780195215724
041 ## - LANGUAGE CODE
Language code of text/sound track or separate title eng
080 ## - UNIVERSAL DECIMAL CLASSIFICATION NUMBER
Edition identifier SIX VOLUME
Universal Decimal Classification number 7
082 ## - DEWEY DECIMAL CLASSIFICATION NUMBER
Classification number 7CIM
100 ## - Rafti
Rafti 19
101 ## - Shkurtesa
Shkurtesa ART
245 ## - TITLE STATEMENT
Title ENCYCLOPEDIA OF ARTISTS
Statement of responsibility, etc GIORGIONE
942 ## - ADDED ENTRY ELEMENTS (KOHA)
Source of classification or shelving scheme
Item type Books
Holdings
Withdrawn status Lost status Source of classification or shelving scheme Damaged status Not for loan Collection code Permanent location Current location Date acquired Total Checkouts Full call number Barcode Date last seen Price effective from Koha item type
          Koleksioni i përgjithshem UBT - Lipjan UBT - Lipjan 03/17/2023   7GIO 002-80001035 03/17/2023 03/17/2023 Books
          Koleksioni i përgjithshem UBT - Lipjan UBT - Lipjan 03/17/2023   7GIO 002-80001036 03/17/2023 03/17/2023 Books
          Koleksioni i përgjithshem UBT - Lipjan UBT - Lipjan 03/17/2023   7GIO 002-80001037 03/17/2023 03/17/2023 Books
          Koleksioni i përgjithshem UBT - Lipjan UBT - Lipjan 03/17/2023   7GIO 002-80001038 03/17/2023 03/17/2023 Books
          Koleksioni i përgjithshem UBT - Lipjan UBT - Lipjan 03/17/2023   7GIO 002-80001039 03/17/2023 03/17/2023 Books
          Koleksioni i përgjithshem UBT - Lipjan UBT - Lipjan 03/17/2023   7GIO 002-80001040 03/17/2023 03/17/2023 Books
UBT Library © 2015-2024. All rights reserved University Education for Business and Technology